|
|
|
|
| LEADER |
02453nam a22003733i 4500 |
| 001 |
EBC30686166 |
| 003 |
MiAaPQ |
| 005 |
20231204023231.0 |
| 006 |
m o d | |
| 007 |
cr cnu|||||||| |
| 008 |
231204s1986 xx o ||||0 ger d |
| 020 |
|
|
|a 9783631755754
|q (electronic bk.)
|
| 020 |
|
|
|z 9783820495171
|
| 035 |
|
|
|a (MiAaPQ)EBC30686166
|
| 035 |
|
|
|a (Au-PeEL)EBL30686166
|
| 035 |
|
|
|a (OCoLC)1397571110
|
| 040 |
|
|
|a MiAaPQ
|b eng
|e rda
|e pn
|c MiAaPQ
|d MiAaPQ
|
| 245 |
1 |
0 |
|a Informations- und Planungsprobleme in Oeffentlichen Aufgabenbereichen :
|b Aspekte der Zielbildung und Outputmessung Unter Besonderer Beruecksichtigung des Gesundheitswesens.
|
| 250 |
|
|
|a 1st ed.
|
| 264 |
|
1 |
|a Frankfurt a.M. :
|b Peter Lang GmbH, Internationaler Verlag der Wissenschaften,
|c 1986.
|
| 264 |
|
4 |
|c ©1987.
|
| 300 |
|
|
|a 1 online resource (330 pages)
|
| 336 |
|
|
|a text
|b txt
|2 rdacontent
|
| 337 |
|
|
|a computer
|b c
|2 rdamedia
|
| 338 |
|
|
|a online resource
|b cr
|2 rdacarrier
|
| 490 |
1 |
|
|a Allokation Im Marktwirtschaftlichen System Series ;
|v v.21
|
| 505 |
0 |
|
|a Cover -- Vorwort -- Robert E. Leu, Reto J. Doppmann: Gesundheitszustandsmessung und Nachfrage nach Gesundheitsleistungen in der Schweiz -- Eberhard Wille: Effizienz und Effektivität als Handlungskriterien im Gesundheitswesen, insbesondere im Krankenhaus -- Peter Zweifel: Outputmessung im Gesundheitswesen bei unvollkommener Information -- Volker Ulrich: Ansätze zur Outputmessung im Gesundheitswesen -- Heinrich Mading: Planungsprobleme bei neuen Infrastrukturen am Beispiel der Magnetschwebebahn -- Franz-Josef Lickteig: Staatliche Allokationspolitik und Wohnungsmarkt -- Martin Gläser: Mehrjährige Planung bei öffentlich-rechtlichen Rundfunkanstalten -- Schlagwortverzeichnis.
|
| 588 |
|
|
|a Description based on publisher supplied metadata and other sources.
|
| 590 |
|
|
|a Electronic reproduction. Ann Arbor, Michigan : ProQuest Ebook Central, 2023. Available via World Wide Web. Access may be limited to ProQuest Ebook Central affiliated libraries.
|
| 655 |
|
4 |
|a Electronic books.
|
| 776 |
0 |
8 |
|i Print version:
|t Informations- und Planungsprobleme in Oeffentlichen Aufgabenbereichen
|d Frankfurt a.M. : Peter Lang GmbH, Internationaler Verlag der Wissenschaften,c1986
|z 9783820495171
|
| 797 |
2 |
|
|a ProQuest (Firm)
|
| 830 |
|
0 |
|a Allokation Im Marktwirtschaftlichen System Series
|
| 856 |
4 |
0 |
|u https://ebookcentral.proquest.com/lib/matrademy/detail.action?docID=30686166
|z Click to View
|